MARC

LEADER 00000nam0a2200000 4500
001 336808
005 20231102004905.0
035 |a (RuTPU)RU\TPU\book\363269 
090 |a 336808 
100 |a 20171025d1964 km y0rusy50 ca 
101 0 |a rus 
102 |a RU 
105 |a y z 001zy 
200 1 |a Совершенствование производства многоатомных спиртов  |f Государственный комитет по лесной, целлюлозно-бумажной и деревообрабатывающей промышленности и лесному хозяйству при Госплане СССР ; под ред. Г. И. Старостиной 
210 |a Москва  |c Московская правда  |d 1964 
215 |a 24 с. 
225 1 |a Гидролиз и лесохимия 
320 |9 572  |a Библиогр. в конце ст. 
606 1 |a Спирты многоатомные  |2 stltpush  |3 (RuTPU)RU\TPU\subj\32591  |9 55093 
610 1 |a получение 
610 1 |a технический сорбит 
610 1 |a гидролизаты 
610 1 |a пентозные гидролизаторы 
610 1 |a очистка 
610 1 |a схемы 
610 1 |a промышленные испытания 
675 |a 661.725  |v 4 
702 1 |a Старостина  |b Г. И.  |4 340 
712 0 2 |a Государственный комитет по лесной, целлюлозно-бумажной и деревообрабатывающей промышленности и лесному хозяйству при Госплане СССР  |2 stltpush  |3 (RuTPU)RU\TPU\col\7781  |9 24382 
801 1 |a RU  |b 63413507  |c 20171025 
801 2 |a RU  |b 63413507  |c 20201123  |g RCR 
942 |c BK